[Event "GER-ENG (Women)"]
[Site "Dresden"]
[Date "1998.08.21"]
[Round "6"]
[White "Weng, Annegret"]
[Black "Regan, Natasha"]
[Result "0-1"]
[WhiteElo "2175"]
[BlackElo "2165"]
[PlyCount "190"]
[EventDate "1998.08.??"]
[EventType "schev"]
[EventRounds "10"]
[EventCountry "GER"]
[SourceTitle "EXT 1999"]
[Source "ChessBase"]
[SourceDate "1998.11.16"]
[SourceVersion "1"]
[SourceVersionDate "1998.11.16"]
[SourceQuality "1"]

1. e4 Nf6 2. Nc3 d5 3. e5 Ne4 4. Nce2 d4 5. c3 Nc6 6. cxd4 Ng5 7. f4 Ne6 8. Nf3 Nexd4 9. Nexd4 Nxd4 10. Qa4+ Nc6 11. d4 e6 12. Bd2 Bd7 13. Qb3 Ne7 14. Bd3 Bc6 15. 0-0 Qd5 16. Bc4 Qd7 17. Qc2 Nf5 18. Be2 Nxd4 19. Nxd4 Qxd4+ 20. Kh1 0-0-0 21. Bc3 Qe4 22. Qxe4 Bxe4 23. Rfe1 h5 24. Rad1 Rxd1 25. Bxd1 Bd5 26. Bc2 g6 27. a3 Bh6 28. Bd2 Rd8 29. Be3 b6 30. Kg1 Kb7 31. Kf2 c5 32. g3 Bf8 33. Rc1 c4 34. Bd4 b5 35. Ke3 a5 36. h3 Bg2 37. a4 b4 38. g4 hxg4 39. hxg4 Bd5 40. Bd1 Rc8 41. Be2 b3 42. Bc3 Bb4 43. Bf1 Rc7 44. Be2 Kc8 45. Bf1 Kd7 46. Be2 Rb7 47. Bd4 Rc7 48. Bc3 Bc5+ 49. Bd4 Bb4 50. Bc3 Ke8 51. Bf1 Kf8 52. Be2 Kg7 53. Bf1 Bc5+ 54. Bd4 Bxd4+ 55. Kxd4 Rb7 56. Bxc4 Rb4 57. Kd3 Rxa4 58. g5 Rb4 59. Kd4 Kf8 60. Kd3 Ke7 61. Bxd5 exd5 62. Rc7+ Ke8 63. Rc5 a4 64. Rxd5 Rxf4 65. Ra5 Ke7 66. Ra6 Rh4 67. Kc3 Kd7 68. Rf6 Ke7 69. Ra6 Rh3+ 70. Kb4 Re3 71. Rxa4 Rxe5 72. Ra7+ Ke6 73. Ra6+ Kf5 74. Rf6+ Kxg5 75. Rxf7 Re3 76. Kc4 Kh4 77. Kd4 Rg3 78. Rf2 Kg4 79. Ke4 g5 80. Rh2 Rg1 81. Re2 Kh3 82. Rd2 g4 83. Kd4 Rg3 84. Ke4 Rf3 85. Re2 Kg3 86. Rd2 Rf4+ 87. Ke5 Rb4 88. Kd5 Kf3 89. Kc5 Re4 90. Kd5 g3 91. Rd3+ Re3 92. Rd1 g2 93. Kd4 Ke2 94. Rg1 Rg3 95. Kc4 Kf2 0-1